000 00913nmc a2200313 a 4500
003 AR-BaBNM
005 20251128204842.0
008 256019s1985 ||||||||||||||000 | spa||
020 _a950-614-375-7
040 _cAR-BaBNM
100 1 _aPeterson, Harold F.
245 1 0 _aLa Argentina y los Estados Unidos
_b[1810-1914]. 1
260 _aBuenos Aires
_bHyspamérica
_c1985
300 0 _a350 p.
_bmapas
490 0 _aBiblioteca argentina de historia y polĂ­tica
_vv. 16
600 1 4 _aForbes, John M.
600 1 4 _aHopkins, Edward A.
650 4 _aHISTORIA DIPLOMATICA
650 4 _aNEGOCIACIONES DIPLOMATICAS
650 4 _aGUERRA DEL PARAGUAY
650 4 _aPANAMERICANISMO
650 4 _aHISTORIA ARGENTINA
651 4 _aEstados Unidos
700 1 _aCanto, Patricio
_etraductor
700 1 _aRivero, Denise
_etraductor
800 1 _aCostantini, Pablo
_edirector
942 _cBK
998 _cEnrique
999 _c9046
_d9046